Foods beginning with Y - Statistics

General Stats
  • This quiz has been taken 126 times
  • The average score is 4 of 6
Answer Stats
Picture Hint Answer % Correct
Yellow bit Yolk
95%
Yam
94%
Yoghurt
94%
What makes it rise Yeast
92%
Yorkshire pudding
53%
Yuzu
17%
No matching quizzes found
Score Distribution
Percent of People with Each Score
Percentile by Number Answered
Your Score History
You have not taken this quiz